Witamy w Bibliotece Naukowej Instytutu Łączności!

Dotyczy PN-EN 61000-4-6:1999 - Kompatybilność elektromagnetyczna (EMC) - Metody badań i pomiarów - Odporność na zaburzenia przewodzone, indukowane przez pola o częstotliwości radiowej = (Rekord nr 20720)

000 -LEADER
fixed length control field 00432 a2200085 4500
003 - CONTROL NUMBER IDENTIFIER
control field WA 310
005 - DATE AND TIME OF LATEST TRANSACTION
control field 20220207133545.0
008 - FIXED-LENGTH DATA ELEMENTS--GENERAL INFORMATION
fixed length control field 220207s2003 pl |||f u||| 000 0 pol d
040 ## - CATALOGING SOURCE
Original cataloging agency WA 310
Transcribing agency WA 310
041 ## - LANGUAGE CODE
Language code of text/sound track or separate title pol
Language code of original and/or intermediate translations of text eng
245 00 - TITLE STATEMENT
Title Dotyczy PN-EN 61000-4-6:1999 - Kompatybilność elektromagnetyczna (EMC) - Metody badań i pomiarów - Odporność na zaburzenia przewodzone, indukowane przez pola o częstotliwości radiowej =
Remainder of title Electromagnetic compatibility (EMC) - Part 4-6: Testing and measurement techniques - Immunity to conducted disturbances, induced by radio-frequency fields PN-EN 61000-4-6:1999/A1:2003P /
Statement of responsibility, etc KT nr 104.
246 13 - VARYING FORM OF TITLE
Title proper/short title PN-EN 61000-4-6:1999/A1
246 13 - VARYING FORM OF TITLE
Title proper/short title ICS 33.100.20
246 13 - VARYING FORM OF TITLE
Title proper/short title Zmiana do Polskiej Normy
246 31 - VARYING FORM OF TITLE
Title proper/short title Electromagnetic compatibility (EMC) - Part 4-6: Testing and measurement techniques - Immunity to conducted disturbances, induced by radio-frequency fields
260 ## - PUBLICATION, DISTRIBUTION, ETC. (IMPRINT)
Place of publication, distribution, etc Warszawa :
Name of publisher, distributor, etc PKN,
Date of publication, distribution, etc 2003.
300 ## - PHYSICAL DESCRIPTION
Extent 4 strony ;
Dimensions 30 cm.
336 ## - TYP ZAWARTOŚCI
Typ zawartosci rdacontent
-- Tekst
-- txt
337 ## - TYP MEDIUM
Typ medium rdamedia
-- Bez urządzenia pośredniczącego
-- n
338 ## - TYP NOŚNIKA
Typ nosnika rdacarrier
-- Wolumin
-- nc
500 ## - GENERAL NOTE
General note Wprowadza EN 61000-4-6:1996/A1:2001, IDT, IEC 61000-4-6:1996/AMD1:2000, IDT ; Zatwierdzona 26 maja 2003 r.
500 ## - GENERAL NOTE
General note Zmiana do Normy Europejskiej EN 61000-4-6:1996/A1:2001 ma status Zmiany do Polskiej Normy.
590 ## - LOCAL NOTE (RLIN)
Linkage (RLIN) Status: wycofana.
710 ## - ADDED ENTRY--CORPORATE NAME
9 (RLIN) 1107
Corporate name or jurisdiction name as entry element Polska.
Subordinate unit Polski Komitet Normalizacyjny.
Relator term Instytucja sprawcza
-- Wydawca
942 ## - ADDED ENTRY ELEMENTS (KOHA)
Source of classification or shelving scheme
Koha item type Książki
Egzemplarze
Withdrawn status Lost status Source of classification or shelving scheme Damaged status Not for loan Permanent Location Current Location Shelving location Date acquired Inventory number Full call number Barcode Date last seen Price effective from Koha item type Public note
        Nie do wypożyczenia Instytut Łączności Instytut Łączności Księgozbiór Podręczny 2018-03-08 PN-EN 61000-4-6:1999/A1:2003P PN-EN 61000-4-6:1999/A1:2003P EN 61000-4-6:1999/A1 2018-03-08 2018-03-08 Książki print, wycofana

Działa dzięki Koha